000
00342nam a2200145Ia 4500
008
230718s9999 xx 000 0 und d
041
_a
Eng.
082
_a
306.099
_b
FLO-L
100
_a
Flohne Donaild
245
0
_a
looking for leadership
260
_a
Pakistan
_b
iniversal on felice
_c
2001
300
_a
295
650
_a
Law
999
_c
26506
_d
26506